00668nam a2200181 a 450000500170000000800410001702000180005805000220007610000230009824500790012126000620020030000160026244000350027865000120031365000230032599900190034895201190036720140412111305.0010502s19uu xx 00 eng d a0-88743-409-6 aTR(PS EbSu1 1992 aGregorich, Barbara aSue likes blue /cwritten by Barbara Gregorich; illustrated by Joyce John. aGrand Haven, MI :bSchool Zone Publishing Company,c1992. a30p. ; ill. aSchool Zone Start to Read Book aReading aChildren's stories c103642d103642 001040aELbELcTRd2001-05-02eLib. Fundg29.75l0oTR(PS E Su1 1992pE5657r2014-04-12 00:00:00w2014-04-12yBK